Teoría y problemas de cálculo superior (Registro nro. 8134)

Detalles MARC
000 -LEADER
fixed length control field 01093 a2200217 4500
001 - CONTROL NUMBER
control field 63347
005 - DATE AND TIME OF LATEST TRANSACTION
control field 20260407155931.0
008 - FIXED-LENGTH DATA ELEMENTS--GENERAL INFORMATION
fixed length control field 260407a1969 arg spa d
003 - CONTROL NUMBER IDENTIFIER
control field AR-UNSa-BCEJYS
040 ## - CATALOGING SOURCE
Original cataloging agency AR-UNSa-BCEJYS
Language of cataloging spa
Transcribing agency AR-UNSa-BCEJYS
080 ## - UNIVERSAL DECIMAL CLASSIFICATION NUMBER
Universal Decimal Classification number 517.1
Common auxiliary subdivision Introducción al análisis. (Cálculo)
041 ## - LANGUAGE CODE
Language code of text/sound track or separate title spa
100 1# - MAIN ENTRY--PERSONAL NAME
Personal name Spiegel, Murray R.
245 10 - TITLE STATEMENT
Title Teoría y problemas de cálculo superior
264 #1 - PRODUCTION, PUBLICATION, DISTRIBUTION, MANUFACTURE, AND COPYRIGHT NOTICE
Place of production, publication, distribution, manufacture Bogotá :
Name of producer, publisher, distributor, manufacturer Libros McGraw-Hill
Date of production, publication, distribution, manufacture, or copyright notice 1969
300 ## - PHYSICAL DESCRIPTION
Extent 381 p.
Dimensions 28 cm.
505 ## - FORMATTED CONTENTS NOTE
Formatted contents note 1. Números - 2. Funciones, limites y continuidad - 3. Sucesiones - 4. Derivadas - 5. Integrales - 6. Derivadas parciales - 7. Vectores - 8. Aplicaciones de las derivadas parciales - 9. Integrales mútiples - 10. Integrales curvilineas, integrales de superficie y teoremas integrales - 11. Series - 12. Integrales impropias - 13. Funciones gamma y beta - 14. Series de Fourier - 15. Integrales de Fourier - 16. Integrales elípticas - 17. Funciones de variable compleja -
590 ## - LOCAL NOTE (RLIN)
Local note niveau_biblio:m niveau_hierar:0
700 1# - ADDED ENTRY--PERSONAL NAME
Personal name Castaño Ceballos, Jesús Maria
942 ## - ADDED ENTRY ELEMENTS (KOHA)
Koha item type
Existencias
Withdrawn status Lost status Damaged status Not for loan Home library Current library Shelving location Date acquired Total checkouts Full call number Barcode Date last seen Price effective from Koha item type
        Biblioteca Prof. Eusebio Cleto del Rey Biblioteca Prof. Eusebio Cleto del Rey   07/04/2026   517.1 S755 L23659 07/04/2026 07/04/2026 Libro